| 000 | 00508nam a2200193Ia 4500 | ||
|---|---|---|---|
| 001 | 60007 | ||
| 008 | 080101n2003 ii |||gr||||Z||||||hin | ||
| 020 | _a81-7741-037-7 | ||
| 082 | _a891.43109 | ||
| 100 |
_aPandey,Kusumakar , _eAuthor. |
||
| 245 | 0 |
_aRaghunath Kabi Aur Acharjyya _cKusumakar Pandey _hTextual Documents |
|
| 250 | _aIst ed. | ||
| 260 |
_aUP _bSanjoy Book Center _c2003 |
||
| 300 |
_a243pg: _c23cm. |
||
| 653 | _aHindi | ||
| 653 | _aHindi literature | ||
| 653 | _aG-Hindi | ||
| 942 |
_2ddc _cBK |
||
| 999 |
_c59882 _d59882 |
||